000 00541nam a2200169 i 4500
001 84002
003 ES-MaACL
007 t|
008 041119s1970 mx ||||1| spa d
100 1 _aJastrow, Robert.
_966158
245 1 3 _aLa evolución de las estrellas, los planetas y la vida /
_cpor Robert Jastrow ; [versión, Pilar Angulo].
260 _a[México] :
_bRoble,
_c[1970]
300 _aXIV, 216 p. :
_bil. ;
_c21 cm.
700 1 _aAngulo, Pilar.
_921783
852 _aES-MaACL
_jE-9252
_bR.94117
852 _aES-MaACL
_jE-9519
_bR.93762
999 _c84002
_d84002